Vaikeutuvia kysymyksiä #3 - Kuinka pitkälle pääset? - Statistics

Yleistilastot
  • Tätä visaa on pelattu 137 kertaa
  • Keskiarvotulos 8 / 15
Vastaustilastot
Kysymys Vastaus % Oikein
Minkä värinen on Nalle Puhin paita? Punainen
100%
Mikä päivämäärä löytyy kalenterista ainoastaan karkausvuosina? 29.2.
96%
Mikä on Suomen toiseksi suurin makeisvalmistaja? (Vinkki: Kiinalainen eläin) Panda
89%
Mikä suomalainen ravintola löytyy Suomen lisäksi Virosta, Latviasta, Liettuasta, Saksasta, Ukrainasta, Bulgariasta ja Puolasta? Hesburger
83%
Mikä suklaapatukka on esiintynyt seuraavissa mauissa: caramel, mint, liquorice, banana, winter, roasted corn ja white nougat? Tupla
65%
Millä päivämäärällä on Aatamin ja Eevan nimipäivä? 24.12.
60%
Minkä vuoden alkaessa maailman tietokonejärjestelmien pelättiin kaatuvan? 2000
47%
Kuka on juontanut suurimman osan Selviytyjät Suomi -tv-ohjelman kausista? Juuso Mäkilähde
47%
Mikä on asetusta korkeampi kirjallinen säädös, joka on eduskunnan säätämä ja hyväksymä? Laki
45%
Missä järjestettiin kesäolympialaiset 2016? Rio de Janeirossa, Brasiliassa
40%
Kuka Yhdysvaltalainen laulaja on voittanut eniten Grammy-palkintoja? Beyoncé
26%
Mihin tilavuusprosenttiin Suomen ruokakaupoissa myytävien alkoholijuomien enimmäisalkoholipitoisuus nousi vuonna 2018? 5,5
23%
Mistä englanninkielisestä termistä ABS on lyhenne? Anti-lock braking system
15%
Mikä on päivystysavun puhelinnumero? 116 117
12%
Kuka toimi Tampereen Tapparan kapteenina kaudella 1966-67? Jouni Seistamo
4%
Ehtoja vastaavia visoja ei löytynyt
Tulosjakauma
Jokaisen tuloksen saaneiden osuus
Persentiili vastausten määrän mukaan
Tuloshistoriasi
Et ole pelannut tätä visaa